000 00628nam a2200193Ia 4500
008 131103s9999 xx 000 0 und d
040 _aLoreto College
041 _aEnglish
082 _a954.147/DAS
_bLCLIB(Press)/11915
245 4 _aThe days of John company
_b selections from Calcutta gazette 1824 - 1832
_cEdited by Anil Chandra Das Gupta
260 _aCalcutta
_bWest Bengal Government
_c1959
300 _axxxvi,757p.
_c 24cm.
504 _aIncludes index
650 _aGazetteers - Calcutta
651 _aCalcutta - History
700 _aDas Gupta, Anil Chandra; ed.
850 _aLCLIB/954.147/DAS
942 _cBK
999 _c24935
_d75414